Cuadernos de problemas educativos. conferencias /
Guardado en:
| Autor Principal: | |
|---|---|
| Formato: | Libro |
| Publicado: |
Tandil :
U.n.c.p.b.a.-facultad de Humanidades,
1978
|
| Materias: | |
| Etiquetas: |
Agregar Etiqueta
Sin Etiquetas, Sea el primero en etiquetar este registro!
|
| LEADER | 00530nam a22001815a 4500 | ||
|---|---|---|---|
| 001 | CEM.cems006870 | ||
| 005 | 20060214000000.0 | ||
| 008 | 130507s1978##################000#0#####d | ||
| 003 | CEMS | ||
| 082 | 0 | 4 | |a 370.5 |
| 100 | 1 | |a U. N. C. P. B. A. | |
| 245 | 1 | 0 | |a Cuadernos de problemas educativos. conferencias / |
| 260 | |a Tandil : |b U.n.c.p.b.a.-facultad de Humanidades, |c 1978 | ||
| 300 | |a 149 p. | ||
| 653 | |a Educacion | ||
| 653 | |a Educacion-revistas | ||
| 653 | |a Revistas | ||
| 859 | |a CEMS |b BIB. CEMS - 11 de abril |h 370.5 |i C891-1 |p 12085.83 |t Ej.1 | ||
